Geografía 2 : la conformación del espacio geográfico latinoamericano y su situación actual /

Guardado en:
Autor Principal: Zappettini, María Cecilia
Formato: Libro
Publicado: Buenos Aires : Aique, 2009
Series:El mundo en tus manos
Materias:
Etiquetas: Agregar Etiqueta
Sin Etiquetas, Sea el primero en etiquetar este registro!
LEADER 02428nam a22003495a 4500
001 CEM.cems013281
005 20100526100133.0
008 130507s2009##################000#0#####d
003 CEMS
020 |a 9789870602507 
082 0 4 |a Z918 
100 1 |a Zappettini, María Cecilia 
245 1 0 |a Geografía 2 :  |b la conformación del espacio geográfico latinoamericano y su situación actual /  |c Coordinadora María Cecilia Zappettini 
260 |a Buenos Aires :  |b  Aique,  |c 2009 
300 |a 256 p. 
490 0 |a El mundo en tus manos 
505 0 |a Qué estudia la geografía? -- Las imágenes del mundo y el uso de los mapas -- Las discuciones sobre la forma de la tierra -- La cartografía en la actualidad -- Ambientes y recursos en América Latina -- Condiciones naturales y construcción del ambiente en América Latina -- Cambios y continuidades; ambientes y territorios antes y después de la conquista -- Cambios y continuidades; ambientes y territorios en el presente -- La inserción de América Latina en el mundo -- El subdesarrollo latinoamericano -- La población en América Latina -- Las actividades económicas en América Latina -- Bloques regionales, geopolítica de los recursos y movimientos sociales -- Los bloques regionales en el contexto internacional -- Geopolítica de los recursos estratégicos -- Los movimientos sociales de base territorial 
653 |a Ciencias sociales 
653 |a Ciencias sociales-8 egb 
653 |a Ciencias sociales-2 esb 
653 |a Geografía latinoamericana 
859 |a CEMS  |b BIB. CEMS - 11 de abril  |h Z918  |i Z181  |p 25803.10  |t Ej.1  |v 2º  |3 2º 
859 |a CEMS  |b BIB. CEMS - 11 de abril  |h Z918  |i Z181  |p 25894.10  |t Ej.2  |v 2º  |3 2º 
859 |a CEMS  |b BIB. CEMS - 11 de abril  |h Z918  |i Z181  |p 25895.10  |t Ej.3  |v 2º  |3 2º 
859 |a CEMS  |b BIB. CEMS - 11 de abril  |h Z918  |i Z181  |p 25896.10  |t Ej.4  |v 2º  |3 2º 
859 |a CEMS  |b BIB. CEMS - 11 de abril  |h Z918  |i Z181  |p 25897.10  |t Ej.5  |v 2º  |3 2º 
859 |a CEMS  |b BIB. CEMS - 11 de abril  |h Z918  |i Z181  |p 25898.10  |t Ej.6  |v 2º  |3 2º 
859 |a CEMS  |b BIB. CEMS - 11 de abril  |h Z918  |i Z181  |p 25899.10  |t Ej.7  |v 2º  |3 2º 
859 |a CEMS  |b BIB. CEMS - 11 de abril  |h Z918  |i Z181  |p 25900.10  |t Ej.8  |v 2º  |3 2º 
859 |a CEMS  |b BIB. CEMS - 11 de abril  |h Z918  |i Z181  |p 25901.10  |t Ej.9  |v 2º  |3 2º 
859 |a CEMS  |b BIB. CEMS - 11 de abril  |h Z918  |i Z181  |p 25902.10  |t Ej.10  |v 2º  |3 2º 
859 |a CEMS  |b BIB. CEMS - 11 de abril  |h Z918  |i Z181  |p 25903.10  |t Ej.11  |v 2º  |3 2º